LEADER 00805cam0-2200301---450- 001 990005058540403321 005 20100603121025.0 035 $a000505854 035 $aFED01000505854 035 $a(Aleph)000505854FED01 035 $a000505854 100 $a19990604d1968----km-y0itay50------ba 101 0 $aita 102 $aIT 105 $ay-------001ay 200 1 $aDialoghi con Leucò$fCesare Pavese 210 $aTorino$cEinaudi$dc1968 215 $a182 p.$d19 cm 225 1 $aOpere di Cesare Pavese$v6 676 $a853.91 700 1$aPavese,$bCesare$f<1908-1950>$0167779 801 0$aIT$bUNINA$gRICA$2UNIMARC 901 $aBK 912 $a990005058540403321 952 $a853.91 PAVE 7(1)$bIst.f.m.16410$fFLFBC 959 $aFLFBC 996 $aDialoghi con Leucò$9138487 997 $aUNINA LEADER 02216nam 2200589Ia 450 001 9910782218303321 005 20230721033113.0 010 $a1-281-78242-4 010 $a9786611782429 010 $a1-84642-814-9 035 $a(CKB)1000000000549784 035 $a(OCoLC)506070806 035 $a(CaPaEBR)ebrary10251511 035 $a(SSID)ssj0000106564 035 $a(PQKBManifestationID)11684518 035 $a(PQKBTitleCode)TC0000106564 035 $a(PQKBWorkID)10109935 035 $a(PQKB)10522720 035 $a(MiAaPQ)EBC355277 035 $a(Au-PeEL)EBL355277 035 $a(CaPaEBR)ebr10251511 035 $a(CaONFJC)MIL178242 035 $a(OCoLC)437220367 035 $a(EXLCZ)991000000000549784 100 $a20080117d2008 uy 0 101 0 $aeng 135 $aurcn||||||||| 181 $ctxt 182 $cc 183 $acr 200 10$aAsperger syndrome and alcohol$b[electronic resource] $edrinking to cope? /$fMatthew Tinsley and Sarah Hendrickx ; foreword by Temple Grandin 210 $aLondon ;$aPhiladelphia $cJessica Kingsley Publishers$d2008 215 $a1 online resource (143 p.) 225 0 $aAdults speak out about Asperger syndrome 300 $aBibliographic Level Mode of Issuance: Monograph 311 $a1-84310-609-4 320 $aIncludes bibliographical references and index. 327 $aAsperger syndrome and alcohol: why should there be a link? -- Childhood and adolescence: where does it start? -- The adult social world: friendship, relationships and other people -- Employment: drinking and the workplace -- Beginning of the end: a failing strategy -- Drying out: support and rehabilitation -- Life beyond the booze: recovering autistic alcoholic. 606 $aAsperger's syndrome$xPatients$xAlcohol use 606 $aDual diagnosis 615 0$aAsperger's syndrome$xPatients$xAlcohol use. 615 0$aDual diagnosis. 676 $a362.29 700 $aTinsley$b Matthew$01544640 701 $aHendrickx$b Sarah$0859086 801 0$bMiAaPQ 801 1$bMiAaPQ 801 2$bMiAaPQ 906 $aBOOK 912 $a9910782218303321 996 $aAsperger syndrome and alcohol$93799044 997 $aUNINA